[Event "Rapid Tournament (RAP)"]
[Site "Biel, CH"]
[Date "2025.07.13"]
[Round "1"]
[White "Banh Gia Huy"]
[Black "Bachmann, Daniel"]
[Result "1-0"]
[Board "11"]
[WhiteFideId "12424714"]
[BlackFideId "1357492"]
[WhiteTitle "IM"]
[WhiteElo "2261"]
[BlackElo "1798"]
[WhiteTeam "VIE"]
[BlackTeam "SUI"]
[WhiteClock "0:11:41"]
[BlackClock "0:00:25"]
[Variant "Standard"]

1. c4 {[%clk 0:15:09]}  c5 {[%clk 0:15:09]} 2. Nf3 {[%clk 0:15:11]}  Nf6 {[%clk 0:15:11]} 3. g3 {[%clk 0:15:14]}  d5 {[%clk 0:15:12]} 4. cxd5 {[%clk 0:15:16]}  Nxd5 {[%clk 0:15:15]} 5. Bg2 {[%clk 0:15:20]}  Nc6 {[%clk 0:15:17]} 6. Nc3 {[%clk 0:15:23]}  Nc7 {[%clk 0:15:13]} 7. a3 {[%clk 0:15:25]}  e5 {[%clk 0:15:12]} 8. b4 {[%clk 0:15:26]}  cxb4 {[%clk 0:14:48]} 9. axb4 {[%clk 0:14:00]}  Bxb4 {[%clk 0:13:20]} 10. Nxe5 {[%clk 0:15:28]}  Bxc3 {[%clk 0:12:02]} 11. Nxc6 {[%clk 0:13:05]}  bxc6 {[%clk 0:09:48]} 12. dxc3 {[%clk 0:15:11]}  Qxd1+ {[%clk 0:09:28]} 13. Kxd1 {[%clk 0:15:13]}  Bd7 {[%clk 0:08:34]} 14. Kc2 {[%clk 0:14:19]}  h5 {[%clk 0:06:15]} 15. h4 {[%clk 0:13:55]}  f6 {[%clk 0:05:23]} 16. Rd1 {[%clk 0:13:36]}  a6 {[%clk 0:05:05]} 17. c4 {[%clk 0:13:23]}  O-O-O {[%clk 0:05:06]} 18. Be3 {[%clk 0:12:36]}  Rhe8 {[%clk 0:04:37]} 19. Kc3 {[%clk 0:12:36]}  Kb7 {[%clk 0:03:23]} 20. Rdb1+ {[%clk 0:12:23]}  Ka8 {[%clk 0:02:56]} 21. Bf4 {[%clk 0:11:55]}  Rc8 {[%clk 0:02:48]} 22. Rd1 {[%clk 0:10:01]}  Red8 {[%clk 0:01:13]} 23. Rxd7 {[%clk 0:11:24]}  Nd5+ {[%clk 0:00:50]} 24. cxd5 {[%clk 0:11:24]}  cxd5+ {[%clk 0:00:54]} 25. Rc7 {[%clk 0:11:28]}  Rxc7+ {[%clk 0:00:46]} 26. Bxc7 {[%clk 0:11:29]}  Rc8 {[%clk 0:00:48]} 27. Bxd5+ {[%clk 0:11:22]}  Ka7 {[%clk 0:00:48]} 28. Bc4 {[%clk 0:11:26]}  Rxc7 {[%clk 0:00:50]} 29. Rxa6+ {[%clk 0:11:28]}  Kb7 {[%clk 0:00:50]} 30. Rd6 {[%clk 0:11:30]}  g5 {[%clk 0:00:50]} 31. Rxf6 {[%clk 0:11:31]}  gxh4 {[%clk 0:00:53]} 32. gxh4 {[%clk 0:11:34]}  Rh7 {[%clk 0:00:25]} 33. Rf7+ {[%clk 0:11:41]} 1-0

[Event "Rapid Tournament (RAP)"]
[Site "Biel, CH"]
[Date "2025.07.13"]
[Round "1"]
[White "Schmied, Stefan"]
[Black "Gireada, Daniel"]
[Result "0-1"]
[Board "12"]
[WhiteFideId "1335804"]
[BlackFideId "1206451"]
[WhiteElo "1798"]
[BlackElo "2255"]
[WhiteTeam "SUI"]
[BlackTeam "ROU"]
[WhiteClock "0:00:10"]
[BlackClock "0:02:10"]
[Variant "Standard"]

1. b3 {[%clk 0:15:07]}  d5 {[%clk 0:15:03]} 2. Bb2 {[%clk 0:15:11]}  c5 {[%clk 0:15:06]} 3. e3 {[%clk 0:15:14]}  Nc6 {[%clk 0:15:08]} 4. Bb5 {[%clk 0:15:15]}  Nf6 {[%clk 0:14:45]} 5. Nf3 {[%clk 0:15:15]}  a6 {[%clk 0:14:36]} 6. Bxc6+ {[%clk 0:15:04]}  bxc6 {[%clk 0:14:39]} 7. Ne5 {[%clk 0:14:59]}  Qc7 {[%clk 0:14:30]} 8. f4 {[%clk 0:14:46]}  Bf5 {[%clk 0:13:50]} 9. d3 {[%clk 0:14:53]}  h5 {[%clk 0:13:06]} 10. Nd2 {[%clk 0:13:05]}  Ng4 {[%clk 0:12:55]} 11. Qe2 {[%clk 0:13:35]}  Nxe5 {[%clk 0:11:05]} 12. Bxe5 {[%clk 0:13:35]}  Qa5 {[%clk 0:11:00]} 13. a4 {[%clk 0:12:57]}  e6 {[%clk 0:10:38]} 14. h3 {[%clk 0:12:19]}  f6 {[%clk 0:09:58]} 15. Bb2 {[%clk 0:12:20]}  Bd6 {[%clk 0:08:42]} 16. O-O {[%clk 0:11:27]}  O-O-O {[%clk 0:09:05]} 17. e4 {[%clk 0:11:07]}  Bg6 {[%clk 0:07:45]} 18. e5 {[%clk 0:10:27]}  fxe5 {[%clk 0:07:31]} 19. Bxe5 {[%clk 0:10:31]}  Qc7 {[%clk 0:07:28]} 20. Rae1 {[%clk 0:07:20]}  Rde8 {[%clk 0:07:24]} 21. g3 {[%clk 0:07:02]}  Kb7 {[%clk 0:07:12]} 22. Nf3 {[%clk 0:06:46]}  Bf5 {[%clk 0:07:07]} 23. Kg2 {[%clk 0:05:18]}  Bxe5 {[%clk 0:05:57]} 24. Nxe5 {[%clk 0:06:22]}  Rhf8 {[%clk 0:03:31]} 25. Nf3 {[%clk 0:04:59]}  Qd7 {[%clk 0:02:58]} 26. Ne5 {[%clk 0:04:22]}  Qc8 {[%clk 0:02:55]} 27. Qf2 {[%clk 0:04:17]}  d4 {[%clk 0:02:22]} 28. h4 {[%clk 0:04:13]}  Qc7 {[%clk 0:02:05]} 29. Qd2 {[%clk 0:03:33]}  Qd6 {[%clk 0:03:32]} 30. Qa5 {[%clk 0:03:20]}  Qd5+ {[%clk 0:03:18]} 31. Kh2 {[%clk 0:02:41]}  Rc8 {[%clk 0:03:05]} 32. Rf2 {[%clk 0:02:44]}  Ka7 {[%clk 0:02:05]} 33. Nc4 {[%clk 0:02:35]}  Rb8 {[%clk 0:02:02]} 34. Qc7+ {[%clk 0:02:20]}  Rb7 {[%clk 0:02:06]} 35. Qe5 {[%clk 0:02:23]}  Rd7 {[%clk 0:01:56]} 36. Qxd5 {[%clk 0:02:11]}  cxd5 {[%clk 0:01:59]} 37. Ne5 {[%clk 0:02:14]}  Rc7 {[%clk 0:02:00]} 38. Rfe2 {[%clk 0:01:54]}  Rfc8 {[%clk 0:01:59]} 39. Kg2 {[%clk 0:01:45]}  Kb6 {[%clk 0:01:57]} 40. Kf3 {[%clk 0:01:42]}  Kb7 {[%clk 0:01:08]} 41. Kf2 {[%clk 0:01:11]}  a5 {[%clk 0:01:55]} 42. Kf3 {[%clk 0:01:14]}  Ka6 {[%clk 0:01:50]} 43. Kf2 {[%clk 0:01:17]}  Rb8 {[%clk 0:01:39]} 44. Kf3 {[%clk 0:01:20]}  Rb4 {[%clk 0:01:23]} 45. Kf2 {[%clk 0:01:24]}  c4 {[%clk 0:01:21]} 46. dxc4 {[%clk 0:01:13]}  dxc4 {[%clk 0:01:17]} 47. Nxc4 {[%clk 0:01:10]}  Rbxc4 {[%clk 0:01:16]} 48. bxc4 {[%clk 0:01:13]}  Rxc4 {[%clk 0:01:04]} 49. Rxe6+ {[%clk 0:01:03]}  Bxe6 {[%clk 0:01:24]} 50. Rxe6+ {[%clk 0:01:07]}  Kb7 {[%clk 0:01:01]} 51. Ke2 {[%clk 0:00:36]}  Rxc2+ {[%clk 0:01:31]} 52. Kd3 {[%clk 0:00:40]}  Ra2 {[%clk 0:01:24]} 53. Kxd4 {[%clk 0:00:35]}  Rxa4+ {[%clk 0:01:28]} 54. Kc5 {[%clk 0:00:36]}  Ra1 {[%clk 0:01:13]} 55. Kb5 {[%clk 0:00:26]}  a4 {[%clk 0:01:28]} 56. Re7+ {[%clk 0:00:30]}  Kc8 {[%clk 0:01:33]} 57. Kc6 {[%clk 0:00:14]}  Rc1+ {[%clk 0:01:37]} 58. Kb5 {[%clk 0:00:18]}  a3 {[%clk 0:01:40]} 59. Ra7 {[%clk 0:00:12]}  Rc3 {[%clk 0:01:42]} 60. Kb4 {[%clk 0:00:16]}  Rxg3 {[%clk 0:01:44]} 61. Rxa3 {[%clk 0:00:18]}  Rg4 {[%clk 0:01:46]} 62. Rf3 {[%clk 0:00:18]}  Kd7 {[%clk 0:01:50]} 63. Kc5 {[%clk 0:00:21]}  Ke6 {[%clk 0:01:54]} 64. Kd4 {[%clk 0:00:22]}  Kf5 {[%clk 0:01:59]} 65. Ke3 {[%clk 0:00:26]}  Rxh4 {[%clk 0:02:03]} 66. Rf1 {[%clk 0:00:22]}  Rh3+ {[%clk 0:02:04]} 67. Kd4 {[%clk 0:00:23]}  Ra3 {[%clk 0:02:04]} 68. Kd5 {[%clk 0:00:23]}  h4 {[%clk 0:02:05]} 69. Rh1 {[%clk 0:00:21]}  h3 {[%clk 0:02:08]} 70. Kd4 {[%clk 0:00:06]}  Kxf4 {[%clk 0:02:11]} 71. Rf1 {[%clk 0:00:07]}  Rf3 {[%clk 0:02:10]} 72. Rg1 {[%clk 0:00:09]}  h2 {[%clk 0:02:05]} 73. Ra1 {[%clk 0:00:06]}  Rg3 {[%clk 0:02:01]} 74. Rf1 {[%clk 0:00:08]}  Kg4 {[%clk 0:02:02]} 75. Ke4 {[%clk 0:00:09]}  Rg1 {[%clk 0:02:04]} 76. Rf4 {[%clk 0:00:13]}  Kg5 {[%clk 0:02:07]} 77. Rf5+ {[%clk 0:00:10]}  Kg6 {[%clk 0:02:10]} 0-1

[Event "Rapid Tournament (RAP)"]
[Site "Biel, CH"]
[Date "2025.07.13"]
[Round "1"]
[White "Maier, Christian"]
[Black "Mueller, Konstantin"]
[Result "1-0"]
[Board "13"]
[WhiteFideId "4601955"]
[BlackFideId "34661778"]
[WhiteTitle "IM"]
[WhiteElo "2250"]
[BlackElo "1798"]
[WhiteTeam "GER"]
[BlackTeam "GER"]
[WhiteClock "0:03:08"]
[BlackClock "0:00:48"]
[Variant "Standard"]

1. e4 {[%clk 0:15:08]}  e5 {[%clk 0:15:07]} 2. Nf3 {[%clk 0:15:11]}  Nc6 {[%clk 0:14:52]} 3. Bb5 {[%clk 0:15:13]}  Nf6 {[%clk 0:14:54]} 4. d3 {[%clk 0:15:16]}  Bc5 {[%clk 0:14:40]} 5. Nc3 {[%clk 0:15:12]}  O-O {[%clk 0:14:40]} 6. Bg5 {[%clk 0:14:56]}  a6 {[%clk 0:14:18]} 7. Ba4 {[%clk 0:14:48]}  b5 {[%clk 0:14:15]} 8. Bb3 {[%clk 0:14:51]}  Be7 {[%clk 0:14:15]} 9. O-O {[%clk 0:14:51]}  Bb7 {[%clk 0:14:19]} 10. a3 {[%clk 0:14:40]}  d6 {[%clk 0:14:11]} 11. h3 {[%clk 0:14:25]}  h6 {[%clk 0:14:05]} 12. Be3 {[%clk 0:14:26]}  Na5 {[%clk 0:13:56]} 13. Ba2 {[%clk 0:14:28]}  c5 {[%clk 0:14:00]} 14. Ne2 {[%clk 0:12:39]}  d5 {[%clk 0:13:13]} 15. exd5 {[%clk 0:13:44]}  Bxd5 {[%clk 0:12:29]} 16. Bxd5 {[%clk 0:13:33]}  Nxd5 {[%clk 0:12:16]} 17. Bd2 {[%clk 0:12:38]}  Nc6 {[%clk 0:12:15]} 18. Ng3 {[%clk 0:11:25]}  Qc7 {[%clk 0:11:07]} 19. Re1 {[%clk 0:12:43]}  Rfe8 {[%clk 0:10:49]} 20. a4 {[%clk 0:11:15]}  Bf8 {[%clk 0:09:42]} 21. axb5 {[%clk 0:11:45]}  axb5 {[%clk 0:09:29]} 22. Rxa8 {[%clk 0:11:48]}  Rxa8 {[%clk 0:09:33]} 23. c3 {[%clk 0:10:02]}  Rd8 {[%clk 0:08:35]} 24. Qc2 {[%clk 0:09:23]}  Nf6 {[%clk 0:07:07]} 25. Ne4 {[%clk 0:08:45]}  Be7 {[%clk 0:06:30]} 26. Be3 {[%clk 0:11:01]}  Nxe4 {[%clk 0:06:16]} 27. dxe4 {[%clk 0:11:04]}  c4 {[%clk 0:06:08]} 28. Rd1 {[%clk 0:08:07]}  Bf8 {[%clk 0:01:52]} 29. h4 {[%clk 0:07:24]}  Kh8 {[%clk 0:02:02]} 30. h5 {[%clk 0:05:37]}  Be7 {[%clk 0:02:03]} 31. Rd5 {[%clk 0:05:33]}  Rxd5 {[%clk 0:01:48]} 32. exd5 {[%clk 0:05:36]}  Nd8 {[%clk 0:01:53]} 33. Qe4 {[%clk 0:05:33]}  Bd6 {[%clk 0:01:50]} 34. Nh4 {[%clk 0:05:35]}  Nb7 {[%clk 0:01:37]} 35. Nf5 {[%clk 0:05:37]}  Bf8 {[%clk 0:01:25]} 36. f4 {[%clk 0:05:03]}  exf4 {[%clk 0:01:20]} 37. Bxf4 {[%clk 0:05:04]}  Qc5+ {[%clk 0:00:49]} 38. Kh1 {[%clk 0:04:35]}  Nd6 {[%clk 0:00:49]} 39. Bxd6 {[%clk 0:04:03]}  Bxd6 {[%clk 0:00:52]} 40. Qe8+ {[%clk 0:04:04]}  Kh7 {[%clk 0:00:43]} 41. Qxf7 {[%clk 0:04:07]}  Be5 {[%clk 0:00:48]} 42. Ne7 {[%clk 0:03:08]} 1-0

[Event "Rapid Tournament (RAP)"]
[Site "Biel, CH"]
[Date "2025.07.13"]
[Round "1"]
[White "Rahimi, Hamid"]
[Black "Chen, Yuan"]
[Result "0-1"]
[Board "14"]
[WhiteFideId "1344838"]
[BlackFideId "8618860"]
[WhiteElo "1795"]
[BlackElo "2248"]
[WhiteTeam "SUI"]
[BlackTeam "CHN"]
[WhiteClock "0:00:56"]
[BlackClock "0:04:25"]
[Variant "Standard"]

1. d4 {[%clk 0:15:07]}  Nf6 {[%clk 0:15:04]} 2. c4 {[%clk 0:15:10]}  e6 {[%clk 0:15:08]} 3. Nc3 {[%clk 0:15:13]}  d5 {[%clk 0:15:08]} 4. Bg5 {[%clk 0:15:03]}  Be7 {[%clk 0:15:04]} 5. e3 {[%clk 0:15:04]}  O-O {[%clk 0:14:57]} 6. Nf3 {[%clk 0:15:05]}  h6 {[%clk 0:14:39]} 7. Bxf6 {[%clk 0:15:08]}  Bxf6 {[%clk 0:14:43]} 8. Bd3 {[%clk 0:15:05]}  c5 {[%clk 0:14:47]} 9. cxd5 {[%clk 0:14:44]}  cxd4 {[%clk 0:14:50]} 10. exd4 {[%clk 0:14:36]}  exd5 {[%clk 0:14:53]} 11. O-O {[%clk 0:14:36]}  Nc6 {[%clk 0:14:57]} 12. Be2 {[%clk 0:13:53]}  Bg4 {[%clk 0:14:57]} 13. h3 {[%clk 0:13:42]}  Bh5 {[%clk 0:14:55]} 14. Qb3 {[%clk 0:13:34]}  Bxf3 {[%clk 0:14:54]} 15. Bxf3 {[%clk 0:13:22]}  Nxd4 {[%clk 0:14:57]} 16. Qxd5 {[%clk 0:13:07]}  Qb6 {[%clk 0:14:46]} 17. Qxb7 {[%clk 0:12:17]}  Nxf3+ {[%clk 0:13:51]} 18. Qxf3 {[%clk 0:12:18]}  Qxb2 {[%clk 0:13:54]} 19. Nd5 {[%clk 0:11:22]}  Qxa1 {[%clk 0:13:32]} 20. Rxa1 {[%clk 0:11:14]}  Bxa1 {[%clk 0:13:36]} 21. Ne7+ {[%clk 0:10:26]}  Kh8 {[%clk 0:13:39]} 22. Nf5 {[%clk 0:10:23]}  Rad8 {[%clk 0:11:14]} 23. a4 {[%clk 0:09:14]}  Rfe8 {[%clk 0:10:57]} 24. Ne3 {[%clk 0:08:38]}  Kg8 {[%clk 0:10:46]} 25. Qb7 {[%clk 0:08:25]}  Bd4 {[%clk 0:10:41]} 26. Nf5 {[%clk 0:08:13]}  Bb6 {[%clk 0:06:36]} 27. Ne7+ {[%clk 0:07:14]}  Kh8 {[%clk 0:06:02]} 28. Nc6 {[%clk 0:05:23]}  Rd1+ {[%clk 0:05:00]} 29. Kh2 {[%clk 0:05:25]}  Bxf2 {[%clk 0:05:02]} 30. Qxf7 {[%clk 0:04:12]}  Bg1+ {[%clk 0:05:06]} 31. Kg3 {[%clk 0:04:00]}  Rde1 {[%clk 0:04:28]} 32. h4 {[%clk 0:02:18]}  Bc5 {[%clk 0:04:36]} 33. Qc4 {[%clk 0:01:33]}  R1e3+ {[%clk 0:04:18]} 34. Kh2 {[%clk 0:01:00]}  Bd6+ {[%clk 0:04:22]} 35. Kg1 {[%clk 0:00:56]}  Bg3 {[%clk 0:04:25]} 0-1

[Event "Rapid Tournament (RAP)"]
[Site "Biel, CH"]
[Date "2025.07.13"]
[Round "1"]
[White "Rohrer, Christophe"]
[Black "Dalay, Hakki Dogan"]
[Result "1-0"]
[Board "15"]
[WhiteFideId "1326546"]
[BlackFideId "1364782"]
[WhiteTitle "FM"]
[WhiteElo "2201"]
[BlackElo "1795"]
[WhiteTeam "SUI"]
[BlackTeam "SUI"]
[WhiteClock "0:10:05"]
[BlackClock "0:01:40"]
[Variant "Standard"]

1. e4 {[%clk 0:15:08]}  e6 {[%clk 0:12:13]} 2. d4 {[%clk 0:15:10]}  d5 {[%clk 0:12:10]} 3. Nd2 {[%clk 0:14:45]}  Nf6 {[%clk 0:11:43]} 4. e5 {[%clk 0:15:12]}  Nfd7 {[%clk 0:11:47]} 5. f4 {[%clk 0:15:14]}  c5 {[%clk 0:11:51]} 6. c3 {[%clk 0:15:16]}  cxd4 {[%clk 0:11:55]} 7. cxd4 {[%clk 0:15:19]}  Nc6 {[%clk 0:11:58]} 8. Ndf3 {[%clk 0:15:20]}  Qb6 {[%clk 0:11:40]} 9. Ne2 {[%clk 0:13:58]}  f6 {[%clk 0:10:20]} 10. Nc3 {[%clk 0:14:32]}  Na5 {[%clk 0:09:54]} 11. Bd3 {[%clk 0:14:18]}  Nc4 {[%clk 0:09:41]} 12. Qe2 {[%clk 0:14:20]}  Qc6 {[%clk 0:07:30]} 13. O-O {[%clk 0:13:36]}  Bb4 {[%clk 0:08:18]} 14. exf6 {[%clk 0:11:56]}  Nxf6 {[%clk 0:08:12]} 15. Ne5 {[%clk 0:12:24]}  Qb6 {[%clk 0:06:50]} 16. Qf2 {[%clk 0:11:52]}  Bd7 {[%clk 0:04:43]} 17. a3 {[%clk 0:10:06]}  Nxe5 {[%clk 0:04:32]} 18. fxe5 {[%clk 0:09:58]}  Bxc3 {[%clk 0:04:11]} 19. bxc3 {[%clk 0:09:02]}  O-O-O {[%clk 0:02:56]} 20. exf6 {[%clk 0:10:42]}  Rhf8 {[%clk 0:02:52]} 21. f7 {[%clk 0:09:53]}  Be8 {[%clk 0:02:31]} 22. fxe8=Q {[%clk 0:10:06]}  Rxf2 {[%clk 0:02:12]} 23. Qb5 {[%clk 0:10:00]}  Rxf1+ {[%clk 0:01:53]} 24. Bxf1 {[%clk 0:10:02]}  Qd6 {[%clk 0:01:40]} 25. Qc5+ {[%clk 0:10:05]} 1-0

[Event "Rapid Tournament (RAP)"]
[Site "Biel, CH"]
[Date "2025.07.13"]
[Round "1"]
[White "Aznar, Benjamin"]
[Black "Kappeler, Kaspar"]
[Result "0-1"]
[Board "16"]
[WhiteFideId "1351303"]
[BlackFideId "1309072"]
[BlackTitle "FM"]
[WhiteElo "1790"]
[BlackElo "2178"]
[WhiteTeam "SUI"]
[BlackTeam "SUI"]
[WhiteClock "0:00:14"]
[BlackClock "0:01:32"]
[Variant "Standard"]

1. c4 {[%clk 0:15:07]}  e6 {[%clk 0:15:08]} 2. e4 {[%clk 0:15:10]}  c5 {[%clk 0:15:09]} 3. Nc3 {[%clk 0:15:12]}  Nc6 {[%clk 0:15:11]} 4. g3 {[%clk 0:14:50]}  g6 {[%clk 0:14:41]} 5. Bg2 {[%clk 0:14:52]}  Bg7 {[%clk 0:14:43]} 6. Nge2 {[%clk 0:14:53]}  Nge7 {[%clk 0:14:29]} 7. d3 {[%clk 0:14:47]}  d6 {[%clk 0:14:10]} 8. O-O {[%clk 0:14:48]}  O-O {[%clk 0:13:59]} 9. Rb1 {[%clk 0:14:45]}  b6 {[%clk 0:11:43]} 10. a3 {[%clk 0:13:43]}  a5 {[%clk 0:11:02]} 11. Nb5 {[%clk 0:12:42]}  Ba6 {[%clk 0:10:41]} 12. Nec3 {[%clk 0:12:07]}  Rc8 {[%clk 0:09:52]} 13. Bf4 {[%clk 0:11:30]}  e5 {[%clk 0:08:24]} 14. Be3 {[%clk 0:11:31]}  Nd4 {[%clk 0:08:14]} 15. Bxd4 {[%clk 0:09:18]}  cxd4 {[%clk 0:07:53]} 16. Ne2 {[%clk 0:09:05]}  Bxb5 {[%clk 0:07:24]} 17. cxb5 {[%clk 0:09:08]}  Qd7 {[%clk 0:07:20]} 18. Qb3 {[%clk 0:07:31]}  Rc5 {[%clk 0:07:18]} 19. a4 {[%clk 0:07:34]}  Rfc8 {[%clk 0:06:41]} 20. Rbc1 {[%clk 0:07:00]}  R8c7 {[%clk 0:06:22]} 21. Rxc5 {[%clk 0:06:34]}  Rxc5 {[%clk 0:06:05]} 22. Rc1 {[%clk 0:06:57]}  Qc7 {[%clk 0:05:03]} 23. Rxc5 {[%clk 0:07:00]}  Qxc5 {[%clk 0:05:07]} 24. h3 {[%clk 0:06:20]}  Kf8 {[%clk 0:05:00]} 25. Kh2 {[%clk 0:06:17]}  Ng8 {[%clk 0:04:39]} 26. f4 {[%clk 0:06:18]}  Nf6 {[%clk 0:04:11]} 27. fxe5 {[%clk 0:05:02]}  dxe5 {[%clk 0:04:12]} 28. Ng1 {[%clk 0:04:29]}  Bh6 {[%clk 0:04:00]} 29. Nf3 {[%clk 0:04:17]}  Kg7 {[%clk 0:03:18]} 30. Bf1 {[%clk 0:03:16]}  Be3 {[%clk 0:03:44]} 31. Bg2 {[%clk 0:02:42]}  Bf2 {[%clk 0:02:56]} 32. g4 {[%clk 0:01:08]}  Be3 {[%clk 0:02:53]} 33. Qd1 {[%clk 0:00:41]}  Bf4+ {[%clk 0:02:24]} 34. Kh1 {[%clk 0:00:39]}  Qb4 {[%clk 0:01:51]} 35. b3 {[%clk 0:00:43]}  Nd7 {[%clk 0:01:47]} 36. Qc2 {[%clk 0:00:36]}  Nc5 {[%clk 0:01:47]} 37. Qc4 {[%clk 0:00:28]}  Qa3 {[%clk 0:01:31]} 38. h4 {[%clk 0:00:10]}  Qa1+ {[%clk 0:01:31]} 39. Ng1 {[%clk 0:00:14]}  Be3 {[%clk 0:01:32]} 0-1

[Event "Rapid Tournament (RAP)"]
[Site "Biel, CH"]
[Date "2025.07.13"]
[Round "1"]
[White "Vemparala, Nikash"]
[Black "Birchmeier, Martin"]
[Result "1-0"]
[Board "17"]
[WhiteFideId "30960967"]
[BlackFideId "1318268"]
[WhiteTitle "CM"]
[WhiteElo "2178"]
[BlackElo "1779"]
[WhiteTeam "USA"]
[BlackTeam "SUI"]
[WhiteClock "0:10:07"]
[BlackClock "0:04:46"]
[Variant "Standard"]

1. e4 {[%clk 0:15:01]}  e5 {[%clk 0:15:08]} 2. Nf3 {[%clk 0:15:05]}  Nc6 {[%clk 0:15:12]} 3. Bc4 {[%clk 0:15:08]}  Bc5 {[%clk 0:15:12]} 4. c3 {[%clk 0:15:12]}  Nf6 {[%clk 0:15:06]} 5. d3 {[%clk 0:15:15]}  h6 {[%clk 0:14:44]} 6. O-O {[%clk 0:15:14]}  d6 {[%clk 0:14:46]} 7. Bb3 {[%clk 0:15:13]}  Bg4 {[%clk 0:14:37]} 8. Be3 {[%clk 0:15:06]}  Bb6 {[%clk 0:14:26]} 9. Nbd2 {[%clk 0:15:05]}  Qd7 {[%clk 0:13:15]} 10. a4 {[%clk 0:15:00]}  O-O {[%clk 0:12:33]} 11. Bc2 {[%clk 0:14:20]}  Ne7 {[%clk 0:11:39]} 12. h3 {[%clk 0:13:16]}  Bh5 {[%clk 0:09:00]} 13. a5 {[%clk 0:12:31]}  Bxe3 {[%clk 0:09:02]} 14. fxe3 {[%clk 0:12:35]}  Kh8 {[%clk 0:06:52]} 15. Qe1 {[%clk 0:12:23]}  Rg8 {[%clk 0:05:50]} 16. b4 {[%clk 0:12:00]}  Raf8 {[%clk 0:05:28]} 17. d4 {[%clk 0:11:32]}  Qc6 {[%clk 0:05:25]} 18. Ra3 {[%clk 0:10:42]}  exd4 {[%clk 0:04:54]} 19. exd4 {[%clk 0:10:41]}  Bg6 {[%clk 0:04:58]} 20. Qe2 {[%clk 0:10:13]}  Re8 {[%clk 0:04:46]} 21. Ba4 {[%clk 0:10:07]} 1-0

[Event "Rapid Tournament (RAP)"]
[Site "Biel, CH"]
[Date "2025.07.13"]
[Round "1"]
[White "Dubel, Nathan"]
[Black "Shvedova, Alexandra"]
[Result "0-1"]
[Board "18"]
[WhiteFideId "1359410"]
[BlackFideId "54154782"]
[BlackTitle "WFM"]
[WhiteElo "1778"]
[BlackElo "2177"]
[WhiteTeam "SUI"]
[BlackTeam "ITA"]
[WhiteClock "0:00:55"]
[BlackClock "0:00:40"]
[Variant "Standard"]

1. d4 {[%clk 0:15:09]}  Nf6 {[%clk 0:15:09]} 2. c4 {[%clk 0:15:11]}  e6 {[%clk 0:15:13]} 3. Nc3 {[%clk 0:15:04]}  Bb4 {[%clk 0:15:16]} 4. a3 {[%clk 0:15:02]}  Bxc3+ {[%clk 0:15:17]} 5. bxc3 {[%clk 0:15:05]}  c5 {[%clk 0:14:39]} 6. Bg5 {[%clk 0:15:06]}  Qa5 {[%clk 0:13:46]} 7. Bd2 {[%clk 0:11:46]}  Nc6 {[%clk 0:12:22]} 8. f3 {[%clk 0:11:07]}  Qc7 {[%clk 0:11:25]} 9. e4 {[%clk 0:10:56]}  cxd4 {[%clk 0:09:51]} 10. Ne2 {[%clk 0:10:48]}  dxc3 {[%clk 0:09:34]} 11. Bxc3 {[%clk 0:10:49]}  d6 {[%clk 0:08:48]} 12. Qd2 {[%clk 0:09:54]}  h6 {[%clk 0:07:43]} 13. Rd1 {[%clk 0:09:14]}  Ne5 {[%clk 0:06:34]} 14. Nf4 {[%clk 0:07:24]}  O-O {[%clk 0:02:51]} 15. Qxd6 {[%clk 0:06:57]}  Qxd6 {[%clk 0:02:54]} 16. Rxd6 {[%clk 0:07:01]}  Ned7 {[%clk 0:02:51]} 17. Be2 {[%clk 0:06:02]}  b6 {[%clk 0:02:29]} 18. O-O {[%clk 0:05:49]}  Nc5 {[%clk 0:02:29]} 19. Bxf6 {[%clk 0:04:53]}  gxf6 {[%clk 0:02:32]} 20. Nh5 {[%clk 0:04:54]}  Ba6 {[%clk 0:01:40]} 21. Nxf6+ {[%clk 0:04:50]}  Kg7 {[%clk 0:01:45]} 22. Nh5+ {[%clk 0:04:25]}  Kh8 {[%clk 0:01:48]} 23. Rfd1 {[%clk 0:04:07]}  Rac8 {[%clk 0:01:52]} 24. Ng3 {[%clk 0:03:35]}  Na4 {[%clk 0:01:43]} 25. Rc1 {[%clk 0:02:36]}  Nb2 {[%clk 0:01:20]} 26. Rd7 {[%clk 0:02:12]}  Bxc4 {[%clk 0:01:08]} 27. Bxc4 {[%clk 0:02:12]}  Nxc4 {[%clk 0:01:12]} 28. Rxa7 {[%clk 0:02:06]}  Kg7 {[%clk 0:01:02]} 29. Ra4 {[%clk 0:02:10]}  Ne5 {[%clk 0:01:00]} 30. Rxc8 {[%clk 0:02:03]}  Rxc8 {[%clk 0:01:03]} 31. Rd4 {[%clk 0:01:40]}  Rc2 {[%clk 0:00:50]} 32. Rd6 {[%clk 0:01:23]}  Nc4 {[%clk 0:00:42]} 33. Rc6 {[%clk 0:01:06]}  b5 {[%clk 0:00:37]} 34. Rc5 {[%clk 0:01:19]}  Nxa3 {[%clk 0:00:38]} 35. Rxc2 {[%clk 0:01:17]}  Nxc2 {[%clk 0:00:42]} 36. Kf2 {[%clk 0:01:21]}  b4 {[%clk 0:00:34]} 37. Ne2 {[%clk 0:01:25]}  Kf6 {[%clk 0:00:26]} 38. Nc1 {[%clk 0:01:28]}  Ke5 {[%clk 0:00:27]} 39. Nb3 {[%clk 0:01:32]}  Nd4 {[%clk 0:00:21]} 40. Nc5 {[%clk 0:01:13]}  Kd6 {[%clk 0:00:23]} 41. Nd3 {[%clk 0:01:14]}  b3 {[%clk 0:00:26]} 42. Nb2 {[%clk 0:01:18]}  Kc5 {[%clk 0:00:28]} 43. Ke3 {[%clk 0:01:12]}  Nb5 {[%clk 0:00:20]} 44. Kd3 {[%clk 0:01:16]}  Kb4 {[%clk 0:00:24]} 45. Kd2 {[%clk 0:01:00]}  Na3 {[%clk 0:00:28]} 46. g4 {[%clk 0:00:55]}  Nc4+ {[%clk 0:00:14]} 47. Kc1 {[%clk 0:00:42]}  Ne3 {[%clk 0:00:13]} 48. f4 {[%clk 0:00:32]}  Nxg4 {[%clk 0:00:16]} 49. Kd2 {[%clk 0:00:35]}  Nf6 {[%clk 0:00:16]} 50. f5 {[%clk 0:00:37]}  Nxe4+ {[%clk 0:00:19]} 51. Ke3 {[%clk 0:00:40]}  exf5 {[%clk 0:00:23]} 52. Kd4 {[%clk 0:00:39]}  Ka3 {[%clk 0:00:18]} 53. Nc4+ {[%clk 0:00:40]}  Ka2 {[%clk 0:00:22]} 54. Ke5 {[%clk 0:00:40]}  b2 {[%clk 0:00:19]} 55. Nxb2 {[%clk 0:00:43]}  Kxb2 {[%clk 0:00:21]} 56. Kxf5 {[%clk 0:00:47]}  Nd6+ {[%clk 0:00:13]} 57. Kg4 {[%clk 0:00:45]}  Kc3 {[%clk 0:00:16]} 58. Kh5 {[%clk 0:00:49]}  Nf5 {[%clk 0:00:19]} 59. Kg4 {[%clk 0:00:51]}  Ng7 {[%clk 0:00:23]} 60. Kf4 {[%clk 0:00:52]}  Kd4 {[%clk 0:00:27]} 61. h4 {[%clk 0:00:55]}  f5 {[%clk 0:00:30]} 62. Kg3 {[%clk 0:00:56]}  Ke4 {[%clk 0:00:33]} 63. Kh3 {[%clk 0:00:52]}  f4 {[%clk 0:00:36]} 64. Kg4 {[%clk 0:00:55]}  f3 {[%clk 0:00:40]} 0-1